Top Ten Countries By Density - Statistics

General Stats
  • This quiz has been taken 13 times
  • The average score is 6 of 10
Answer Stats
Hint Answer % Correct
Europe Vatican City
100%
Europe Monaco
92%
Asia Bahrain
62%
Asia Bangladesh
62%
Asia Singapore
62%
Asia Taiwan
62%
Asia Maldives
46%
Europe Malta
46%
North America Barbados
38%
Africa Mauritius
38%
No matching quizzes found
Score Distribution
Percent of People with Each Score
Percentile by Number Answered
Your Score History
You have not taken this quiz